| 000 | 02543nam0a2200373 4500 | ||
|---|---|---|---|
| 001 | RU\NLR\BIBL_A\012125657 | ||
| 005 | 20200114112246.0 | ||
| 010 |
_a978-5-00130-192-9 _9500 |
||
| 021 |
_aRU _bКН-П-19-072860 _9КН-П-19-5256 |
||
| 035 | _a(NLR Aleph) 012125657 | ||
| 035 | _a(RuMoRGB)010104953 | ||
| 090 |
_a12017796 _c12017796 |
||
| 100 | _a20191022d2019 k y0rusy50 ca | ||
| 101 | 0 |
_arus _deng |
|
| 102 | _aRU | ||
| 105 | _a||||zzzz1|||y | ||
| 200 | 1 |
_aПризраки Маркса: между будущим и грядущим (к 200-летию со дня рождения Карла Маркса) _dSpectres of Marx: Between far and near future (dedicated to 200th anniversary of Marx) _eматериалы Международной научно-образовательной конференции VI Садыковские чтения, Казань, 16-17 ноября 2018 г. _fКазанский федеральный университет, Институт социально-философских наук и массовых коммуникаций, Академия наук Республики Татарстан |
|
| 210 |
_aКазань _cИзд-во Казанского университета _d2019 |
||
| 215 |
_a206 с. _d21 |
||
| 300 | _aРез. англ. | ||
| 320 | _aБиблиогр. в конце ст. | ||
| 510 | 1 |
_aSpectres of Marx: Between far and near future (dedicated to 200th anniversary of Marx) _zeng |
|
| 606 | 1 |
_aМарксизм и социальная философия _jСъезды, совещания и т.п _92114165 _3RU\NLR\AUTH\661580893 |
|
| 686 | 1 | _aА550.1я431 | |
| 686 | 1 | _aА556.25я431 | |
| 702 | 1 |
_4570 _7ca _8rus _aМаркс _bК. _f1818-1883 _gКарл _9123526 _3RU\NLR\AUTH\7713844 |
|
| 711 | 1 | 2 |
_a"Садыковские чтения", международная научно-образовательная конференция _d6 _eКазань _f2018 _9685075 _3RU\NLR\AUTH\880512269 |
| 712 | 0 | 2 |
_4557 _aКазанский (Приволжский) федеральный университет _bИнститут социально-философских наук и массовых коммуникаций _9511465 _3RU\NLR\AUTH\880423360 |
| 942 | _cBOOK | ||
| 980 | _aNBR | ||
| 980 | _aNB | ||